2023 Movies by Screenshot - Statistics

General Stats
  • This quiz has been taken 2,194 times
  • The average score is 13 of 16
Answer Stats
Picture Answer % Correct
Barbie
100%
The Super Mario Bros. Movie
99%
Oppenheimer
96%
Spider-Man: Across the Spider-Verse
96%
The Flash
91%
Guardians of the Galaxy Vol. 3
88%
The Little Mermaid
88%
Fast X
85%
John Wick: Chapter 4
85%
Mission: Impossible - Dead Reckoning Part One
83%
Indiana Jones and the Dial of Destiny
82%
Five Nights at Freddy's
70%
Elemental
66%
The Marvels
61%
Killers of the Flower Moon
50%
Ant-Man and the Wasp: Quantumania
48%
No matching quizzes found
Score Distribution
Percent of People with Each Score
Percentile by Number Answered
Your Score History
You have not taken this quiz